[Event "NRW Class1 0506"]
[Site "Germany"]
[Date "2005.11.06"]
[Round "3.8"]
[White "Bukowski, Klaus Juergen"]
[Black "Franke, Danny"]
[Result "1-0"]
[WhiteElo "1911"]
[BlackElo "1824"]
[PlyCount "47"]
[EventDate "2005.09.25"]
[EventType "team"]
[EventRounds "9"]
[EventCountry "GER"]
[SourceTitle "EXT 2006"]
[Source "ChessBase"]
[SourceDate "2005.11.24"]
[SourceVersion "1"]
[SourceVersionDate "2005.11.24"]
[SourceQuality "1"]
[WhiteTeam "Bergneustadt/Derschlag"]
[BlackTeam "Muelheim Nord II"]
[WhiteTeamCountry "GER"]
[BlackTeamCountry "GER"]

1. e4 e6 2. d4 d5 3. Nd2 a6 4. c3 c5 5. e5 Nc6 6. Ne2 Nh6 7. f4 Nf5 8. Nf3 cxd4 9. cxd4 Bb4+ 10. Kf2 0-0 11. g3 f6 12. Bh3 fxe5 13. Bxf5 Rxf5 14. dxe5 Bd7 15. Kg2 Rc8 16. Be3 Na5 17. Ned4 Rf8 18. Qd3 h6 19. h4 Nc4 20. Bc1 Be7 21. Qg6 Qb6 22. b3 Na5 23. f5 Bc5 24. Bxh6 1-0

[Event "Secondario 15th"]
[Site "Caorle"]
[Date "1990.07.09"]
[Round "3.21"]
[White "Cesaro, Giuliano"]
[Black "Bukowski, Klaus Juergen"]
[Result "1/2-1/2"]
[WhiteElo "1815"]
[BlackElo "1800"]
[PlyCount "70"]
[EventDate "1990.07.07"]
[EventType "swiss"]
[EventRounds "8"]
[EventCountry "ITA"]
[SourceTitle "EXT 2023"]
[Source "ChessBase"]
[SourceDate "2022.10.05"]
[SourceVersion "1"]
[SourceVersionDate "2022.10.05"]
[SourceQuality "1"]

1. d4 Nf6 2. c4 c5 3. d5 b5 4. cxb5 a6 5. Nc3 g6 6. e4 d6 7. Nf3 Bg7 8. Be2 0-0 9. 0-0 Qc7 10. h3 Bd7 11. bxa6 Nxa6 12. Bf4 Rfb8 13. Rb1 Nh5 14. Bh2 Rb6 15. Nd2 Nf6 16. Nc4 Rb7 17. e5 Ne8 18. f4 Bf5 19. Bd3 Bxd3 20. Qxd3 Nb4 21. Qf3 Nc2 22. Qe4 Nd4 23. g4 Rb4 24. b3 Nb5 25. Nxb5 Rxb5 26. f5 dxe5 27. fxg6 fxg6 28. Nxe5 Rxa2 29. d6 Qxd6 30. Qc4+ e6 31. Qxb5 Qd4+ 32. Kh1 Rxh2+ 33. Kxh2 Bxe5+ 34. Kg2 Qe4+ 35. Rf3 Qc2+ 1/2-1/2